00467nam a2200157Ia 4500008004100000020001500041040001900056041001200075082002500087245007700112250002000189260004700209300002000256650001500276850001800291131103s9999 xx 000 0 und d a1888777494 aLoreto College aEnglish aREF/WEBbLCBED/13004 4aThe New International Webster's pocket thesaurus of the english language aNew Revised ed. aU.S.A.bTrident Press International c1998 a318 p. c 18cm. aDictionary aLCBED/REF/WEB